Hébreux 4 : 14-16 - Statistiques

Statistiques générales
  • Ce quiz a été pris 5 fois
  • Le résultat moyen est 26 sur 95
Statistiques - réponses
Réponse % Correct
a
80%
à
80%
à
80%
a
80%
de
60%
de
60%
de
60%
de
60%
la
60%
Là,
60%
le
60%
le
60%
Au
40%
au
40%
avec
40%
avons
40%
comme
40%
comme
40%
Dieu,
40%
Dieu
40%
Dieu
40%
donc
40%
du
40%
du
40%
en
40%
En
40%
en
40%
et
40%
fils
40%
foi
40%
il
40%
Jésus,
40%
les
40%
mais
40%
nous
40%
nous
40%
nous
40%
nous
40%
nous
40%
nous
40%
nous
40%
pour
40%
que
40%
que
40%
qui
40%
qui
40%
sommes
40%
tout
40%
un
40%
un
40%
une
40%
bon
20%
commettre
20%
été
20%
nos
20%
pas
20%
péché.
20%
point
20%
sa
20%
sa
20%
sans
20%
soyons
20%
accordera
0%
Ainsi,
0%
Approchons-nous
0%
assurance.
0%
attachés
0%
bonté
0%
cieux,
0%
compatir
0%
contraire,
0%
demeurons
0%
donnera
0%
effet,
0%
éminent
0%
faiblesses.
0%
fermement
0%
grâce
0%
grâce
0%
grand
0%
grand
0%
incapable
0%
moment.
0%
n'avons
0%
pleine
0%
prêtre
0%
prêtre
0%
puisque
0%
reconnaissons
0%
secourus
0%
serait
0%
tenté
0%
traversé
0%
trône
0%
vraie.
0%
Aucun quiz correspondant
Distribution des résultats
% des personnes avec chaque résultat
Percentile par nombre de réponses
Votre historique - résultats
Vous n’avez pas pris ce quiz